<?xml version="1.0" encoding="UTF-8"?>
<record
    xmlns:xsi="http://www.w3.org/2001/XMLSchema-instance"
    xsi:schemaLocation="http://www.loc.gov/MARC21/slim http://www.loc.gov/standards/marcxml/schema/MARC21slim.xsd"
    xmlns="http://www.loc.gov/MARC21/slim">

  <leader>00575nam a22001457a 4500</leader>
  <datafield tag="999" ind1=" " ind2=" ">
    <subfield code="c">109444</subfield>
    <subfield code="d">109444</subfield>
  </datafield>
  <controlfield tag="005">20181207094706.0</controlfield>
  <controlfield tag="008">181207b           ||||| |||| 00| 0 eng d</controlfield>
  <datafield tag="040" ind1=" " ind2=" ">
    <subfield code="c">PK-LaUMT</subfield>
  </datafield>
  <datafield tag="082" ind1=" " ind2=" ">
    <subfield code="a">297.4</subfield>
    <subfield code="b">MIA-K</subfield>
  </datafield>
  <datafield tag="100" ind1=" " ind2=" ">
    <subfield code="a">Mian G = &#x645;&#x6CC;&#x627;&#x6BA; &#x62C;&#x6CC;</subfield>
  </datafield>
  <datafield tag="245" ind1=" " ind2=" ">
    <subfield code="a">Kiya Rabbilalameen? kiya Rahmatallilalameen? woh milta he (such ki pehchan se) =   &#x6A9;&#x6CC;&#x627; &#x631;&#x628;&#x627;&#x644;&#x639;&#x627;&#x644;&#x645;&#x6CC;&#x646; &#x6C1;&#x6D2;&#x61F; &#x6A9;&#x6CC;&#x627; &#x631;&#x62D;&#x645;&#x62A; &#x644;&#x644;&#x639;&#x627;&#x644;&#x645;&#x6CC;&#x646; &#x6C1;&#x6D2;&#x61F; &#x648;&#x6C1; &#x645;&#x644;&#x62A;&#x627; &#x6C1;&#x6D2; (&#x633;&#x686; &#x6A9;&#x6CC; &#x67E;&#x6C1;&#x686;&#x627;&#x646; &#x633;&#x6D2;)/</subfield>
    <subfield code="c">Mian G = &#x645;&#x6CC;&#x627;&#x6BA; &#x62C;&#x6CC;</subfield>
  </datafield>
  <datafield tag="260" ind1=" " ind2=" ">
    <subfield code="a">Lahore :</subfield>
    <subfield code="b">Nigharshat Publishers,</subfield>
    <subfield code="c">2016</subfield>
  </datafield>
  <datafield tag="300" ind1=" " ind2=" ">
    <subfield code="a">256 p.</subfield>
  </datafield>
  <datafield tag="942" ind1=" " ind2=" ">
    <subfield code="c">BK</subfield>
  </datafield>
  <datafield tag="952" ind1=" " ind2=" ">
    <subfield code="0">0</subfield>
    <subfield code="1">0</subfield>
    <subfield code="4">0</subfield>
    <subfield code="7">0</subfield>
    <subfield code="a">01</subfield>
    <subfield code="b">01</subfield>
    <subfield code="d">2018-12-07</subfield>
    <subfield code="l">2</subfield>
    <subfield code="o">297.4 MIA-K</subfield>
    <subfield code="p">124652</subfield>
    <subfield code="q">2019-03-25</subfield>
    <subfield code="r">2019-03-11 00:00:00</subfield>
    <subfield code="s">2019-03-11</subfield>
    <subfield code="w">2018-12-07</subfield>
    <subfield code="y">BK</subfield>
  </datafield>
</record>
